Регионална библиотека "Любен Каравелов" - Русе

Конго (Запис номер 170224)

MARC детайли
000 -Лидер
Контролно поле с фиксирана дължина nam a22 a 4500
003 - Код на организацията, давaща контролен номер
Контролно поле BLK
005 - Дата и час на последна редакция
Контролно поле 20200803132116.0
008 - Елементи от данни с фиксирана дължина
fixed length control field 180411b bul|||||r ||||||| ||bul||
010 ## - Наследен системен номер
LC control number KNG00178349000
040 ## - Източник на каталожния запис
Идентификатор на билиотеката - собственик на записа BLK
041 ## - Код за език
Код за езика на текст/звукозапис или на отделно заглавие Български
Код за езика КДБФ Български
080 ## - УДК
Текстов определител УДК География на Конго
УДК код - определител по УДК 916.72
УДК - код + определител 916.72
080 ## - УДК
Текстов определител УДК Социография. Социално положение. Условия на политическия и социалния живот. Социално и социално-икономическо положение на отделните страни, народи, раси. Социална география. (Общи въпроси)
УДК код - определител по УДК 308
УДК определител (672.4)
УДК - код + определител 308(672.4)
100 1# - Редна дума - Автор
Автор Манев, Георги Христов
Авторска отговорност първи автор
R(LIN) 338489
139 ## - Редно поле
Редна дума Манев, Георги Христов
Авторски знак Ман - М 25
245 10 - Сведения за заглавието
Заглавие Конго
Подзаглавни данни Геогр. очерк
Редно поле (дума) Георги Христов Манев.
257 ## - Страна на издаване
Страна на създаване/издаване България
260 ## - Област на издателските данни
Име на издателя, разпространителя и проч. Наука и изкуство
Година на издаване 1962
Място на издаване, разпространение и проч. София
300 ## - Физическа характеристика
Страници 164 с.
Илюстрации и др. с ил.
Размери/Мащаб 18 см
380 ## - Жанр
Жанр География
490 1# - СЕРИИ (Колекции)
Име на серия Библиотека при Българското географско дружество
650 #4 - Допълнително описание по предмет – тема
Основно описание – тема или топоним Конго
9 (RLIN) 159138
653 ## - Ключова дума – ненормативна
Ключова дума физическа география
653 ## - Ключова дума – ненормативна
Ключова дума икономическа география
653 ## - Ключова дума – ненормативна
Ключова дума Конго
852 ## - Местоположение
Форматна сигнатура Цб І 5315
Фондова буква Хранилище
856 4# - Електронен адрес и достъп
Електронен формат pdf - файл
999 ## - СИСТЕМНИ КОНТРОЛНИ НОМЕРА
Koha biblionumber 170224
Koha biblioitemnumber 170224
942 ## - АРТИКУЛИ
Вид на библиотечния материал Книги
Скрит в OPAC Не
Периодичен библиозапис Да
944 ## - СЪЗДАВАНЕ И РЕДАКЦИЯ на ЗАПИСА
Създаване/Редакция Създаване
Дата на регистрацията/редакция 06.07.2015
Служител, извършил регистрацията/редакцията Теодора_Стоянова
944 ## - СЪЗДАВАНЕ И РЕДАКЦИЯ на ЗАПИСА
Създаване/Редакция Редакция
Дата на регистрацията/редакция 2020-08-03
Служител, извършил регистрацията/редакцията Ренета Константинова
999 ## - СИСТЕМНИ КОНТРОЛНИ НОМЕРА
Koha biblioitemnumber 170224
Наличности
Код за отписване Код за изгубен артикул Източник на класификационната схема Код за повреда Коз за рестрикции Код за отдаване Артикулен № Име на библиотеката - собственик Име на библиотеката, в която се намира в момента Статус (Текущо местоположение) Дата на вписване в системата Местоположение - отдел Цена в лева Инвентарен номер Систематично азбучна сигнатура Баркод Номер на екземпляра Цена в евро Служебна бележка Служебен тип на артикула
  Не е изгубен Universal Decimal Classification Не е повреден само за читалня ползва се в читалня 288252 Регионална библиотека "Любен Каравелов" Русе Регионална библиотека "Любен Каравелов" Русе Хранилище 1962-01-01 Хранилище 0.38 15414/62 Цб І 5315 900000027185 1 0.19 Дост: Pk Вид: Сф Дата: 01.01.1962 Книги
Изтеглен Не е изгубен Universal Decimal Classification Не е повреден без рестрикции заемане за дома 288253 Регионална библиотека "Любен Каравелов" Русе Регионална библиотека "Любен Каравелов" Русе Заемна - подръчен фонд 1962-01-01 Заемна - подръчен фонд 0.00 14768/62 П 916/М 25 14768/62 2 0.00 Дост: Pk Вид: Сф Дата: 01.01.1962 Книги
Изтеглен Не е изгубен Universal Decimal Classification Не е повреден без рестрикции заемане за дома 288254 Регионална библиотека "Любен Каравелов" Русе Регионална библиотека "Любен Каравелов" Русе Заемна - подръчен фонд 1962-01-01 Заемна - подръчен фонд 0.00 14770/62 П 916/М 25 14770/62 3 0.00 Дост: Pk Вид: Сф Дата: 01.01.1962 Книги
Изтеглен Не е изгубен Universal Decimal Classification Не е повреден без рестрикции заемане за дома 288255 Регионална библиотека "Любен Каравелов" Русе Регионална библиотека "Любен Каравелов" Русе Заемна - подръчен фонд 1962-01-01 Заемна - подръчен фонд 0.00 14771/62 П 916/М 25 14771/62 4 0.00 Дост: Pk Вид: Сф Дата: 01.01.1962 Книги
Vip Innovations Ltd, Rousse, Bulgaria 2025